000 00711nam a2200205 a 4500
003 AM-YeHGA
005 20250618075217.0
008 990720s1960 ru |||||r|||||||||0|rus|d
040 _aAM-YeHGA
041 1 _arus
245 0 0 _aРелейная защита /
_cПереводы статей под ред. Г.И. Атабекова
260 _aМосква ;
_aЛ. ;
_bГосэнергоиздат,
_c1960.
300 _aвыпуск
440 0 _aЭнергетика за рубежом
_v
505 1 0 _gВып. 3 (1960 : 128 с.)
650 1 4 _aРелейная защита
700 1 0 _aԱթաբեկով, Գրիգոր Հովսեփի,
_d1908-1966
_4edt
_92380
942 _2udc
_cBK
090 _c444728
999 _c441942
_d441942